Can Malaysia transit into the k-economy? : dynamic challenges, tough choices and the next phase

Bibliographic Details
Main Author: Abdulai, David N
Corporate Author: Title
Format: Book
Published: Selangor : Pelanduk Publications , 2004
Subjects:

MARC

LEADER 00000cam a2200000 7i4500
001 0000013199
005 20080109.0
008 080108
020 |a 9679788814 
090 0 0 |a 338.9595   |b ABD 
100 1 |a Abdulai, David N 
245 1 0 |a Can Malaysia transit into the k-economy? :   |b dynamic challenges, tough choices and the next phase   |c David N. Abdulai 
260 |a Selangor :   |b Pelanduk Publications ,   |c 2004 
650 0 |a Information society   |z Malaysia 
650 0 |a Intellectual capital   |z Malaysia 
650 0 |a Knowledge management   |z Malaysia   |x Economic aspect 
650 0 |a Knowledge, Sociology of 
710 0 |a Title 
999 |a 0000936663   |b Book   |c Adult Collection   |e Cawangan Bandar Tenggara 
999 |a 0001011033   |b Book   |c Adult Collection   |e Cawangan Pontian 
999 |a 0001011034   |b Book   |c Adult Collection   |e Perbadanan Perpustakaan Awam Johor 
999 |a 0001011035   |b Book   |c Adult Collection   |e Perbadanan Perpustakaan Awam Johor